Manual de malezas /

Guardado en:
Autor Principal: Marzocca, ángel
Formato: Libro
Publicado: Buenos Aires : Hemisferio Sur, 1993
Edición:4a. ed.
Materias:
Etiquetas: Agregar Etiqueta
Sin Etiquetas, Sea el primero en etiquetar este registro!
LEADER 01427nam a22002415a 4500
001 CEM.cems017297
005 20110603112214.0
008 130507s1993##################000#0#####d
003 CEMS
020 |a 9505045026 
082 0 4 |a 632.5 
100 1 |a Marzocca, ángel 
245 1 0 |a Manual de malezas /  |c ángel Marzocca 
250 |a 4a. ed. 
260 |a Buenos Aires :  |b Hemisferio Sur,  |c 1993 
300 |a 684 p. 
505 0 |a Definición de maleza -- Clasificación biológica de las malezas -- Lucha contra las malezas -- Empleo de productos químicos en el control de malezas -- Formulaciones herbicidas -- Factores que influyen en la efectividad de los tratamientos herbicidas -- Problemas especiales en el uso de herbicidas -- Equipos par la dispersión de herbicidas -- Empleo de aviones en la lucha contra las malezas -- Características de los principales herbicidas usados en la República Argentina -- Herbicidas que se comercializan en la República Argentina -- Recomendaciones para el control químico de malezas en disversos cultivos -- Legislación fitosanitaria argentina relacionada con malezas y herbicidas -- Descripciones botánicas y observaciones. Control. 
653 |a Cultivos-malezas 
653 |a Herbicidas 
653 |a Malherbología 
653 |a Malezas 
859 |a CEMS  |b BIB. CEMS - Agricultura  |h 632.5  |i M369a4  |p A18463.95  |t Ej.1 
859 |a CEMS  |b BIB. CEMS - Agricultura  |h 632.5  |i M369a4  |p A18464.95  |t Ej.2